000 00557nam a22001933a 4500
005 20210223124436.0
008 011012s1993 mx r 000 0 spa d
020 _a968295309X
035 _aUPN01000112987
049 _aCG
050 4 _aPQ7150
_bM3.3
100 1 _aMartínez, José Luis,
_d1918-2007
_930331
245 1 3 _aLa expresión nacional /
_cJosé Luis Martínez.
260 _aMéxico :
_bCNCA,
_c1993
300 _a467 p.
440 0 _aCien de México
650 4 _aLITERATURA MEXICANA -
_ySIGLO XIX -
_xHISTORIA Y CRITICA
_94503
905 _aLibro
999 _c86895
_d86895